Normal view
MARC view
- R Radnai
Entry Personal Name
001 - CONTROL NUMBER
- control field: 87422
003 - CONTROL NUMBER IDENTIFIER
- control field: NUST
005 - DATE AND TIME OF LATEST TRANSACTION
- control field: 20220106150653.0
008 - FIXED-LENGTH DATA ELEMENTS
- fixed length control field: 220106|| aca||aabn | a|a d
040 ## - CATALOGING SOURCE
- Original cataloging agency: NUST
- Transcribing agency: NUST
100 ## - HEADING--PERSONAL NAME
- Personal name: R Radnai
670 ## - SOURCE DATA FOUND
- Source citation: Work cat.: (NUST): R Radnai, Jones' Instrument Technology vol 5 :, 2005
